[Event "Tournoi n27374"]
[Site "www.echecsemail.com"]
[Date "2026.01.09"]
[Round "1"]
[White "Gognol"]
[Black "Nicadria22"]
[WhiteElo "1900"]
[BlackElo "1920"]
[Result "0-1"]
1.e4 e6
2.a3 Nb8c6
3.c3 d5
4.exd5 exd5
5.Qd1f3 Ng8f6
6.h3 Bc8d7
7.Ng1e2 Bf8e7
8.d3 Nc6e5
9.Qf3g3 Ne5g6
10.Qg3e3 c5
11.Ne2g3 O-O
12.Bf1e2 Rf8e8
13.Ng3h5 Be7d6
14.Nh5xf6 Qd8xf6
15.Qe3g5 Qf6e6
16.Qg5e3 Bd6f4
17.Qe3xe6 Re8xe6
18.Nb1d2 Bf4xd2
19.Bc1xd2 Ra8e8
20.Bd2e3 d4
21.Be2g4 dxe3
22.Bg4xe6 exf2
23.Kxf2 Re8xe6
24.Ra1d1 Bd7c6
25.Rh1g1 Ng6f4
26.Rd1d2 Re6g6
27.Kf1 Rg6f6
28.Rd2f2 Nf4xd3
29.Rf2xf6 gxf6
30.b3 b5
31.g3 a5
32.Ke2 Nd3e5
33.Rg1f1 Kg7
34.Rf1f4 Bc6d5
35.b4 Bd5c4
36.Ke3 axb4
37.cxb4 cxb4
38.axb4 Ne5d3
39.Rf4f3 Nd3xb4
40.Kd4 Nb4c6
41.Kc3 Nc6e5
42.Rf3e3 h5
43.Re3e4 Bc4f1
44.h4 Kg6
45.Re4f4 Bf1c4
46.Rf4e4 Ne5f3
47.Re4f4 Nf3g1
48.Rf4f2 Ng1e2
49.Kb4 f5
50.Rf2f3 Ne2c1
51.Kc3 f4
52.Rf3xf4 Nc1e2
{ abandon }0-1

[Event "Défi( 10J+24H/c 10J Max )"]
[Site "www.echecsemail.com"]
[Date "2026.01.09"]
[Round "1"]
[White "Mokanne"]
[Black "Titit1"]
[WhiteElo "1450"]
[BlackElo "1490"]
[Result "1-0"]
1.e4 Ng8f6
2.e5 Nf6d5
3.d4 Nb8c6
4.c3 d6
5.h3 Bc8f5
6.Bc1d2 Qd8d7
7.g4 Bf5xb1
8.Ra1xb1 e6
9.Bf1g2 dxe5
10.Ng1f3 Bf8d6
11.O-O O-O-O
12.Rf1e1 Rd8f8
13.dxe5 Bd6e7
14.Bd2g5 h6
15.Bg5d2 f6
16.exf6 gxf6
17.Nf3h4 f5
18.Nh4g6 Rh8g8
19.Ng6xf8 Be7xf8
20.a3 Qd7f7
21.b3 Bf8d6
22.f3 fxg4
23.fxg4 Bd6f4
24.Re1f1 e5
25.Bg2xd5 Qf7f8
26.Bd5xg8 Qf8xg8
27.Bd2xf4 exf4
28.Rf1xf4 Nc6e5
29.Qd1d5 Ne5g6
30.Rf4f5 Qg8e8
31.Kf1 Ng6e7
32.Qd5e5 Kb8
33.Rb1e1 a6
34.Qe5xe7 Qe8c6
35.Rf5f8 Ka7
36.Qe7e3 b6
37.Kf2 Qc6b5
38.c4 Qb5d7
39.Qe3e7 Qd7d4
40.Re1e3 Qd4b2
41.Kf3 Kb7
42.Qe7e4 c6
43.Rf8f7 Kc8
44.Qe4e8 1-0

[Event "Défi"]
[Site "www.echecsemail.com"]
[Date "2026.01.09"]
[Round "1"]
[White "Jlr"]
[Black "Speedyfil"]
[WhiteElo "1360"]
[BlackElo "1430"]
[Result "0-1"]
1.e4 c6
2.Bf1c4 d5
3.exd5 cxd5
4.Bc4b5 Nb8c6
5.Nb1c3 Ng8f6
6.d4 Bc8d7
7.Qd1e2 Nc6xd4
8.Bb5xd7 Qd8xd7
9.Qe2d3 e5
10.h3 Bf8c5
11.Bc1g5 Qd7e6
12.O-O-O h6
13.Bg5xf6 Qe6xf6
14.Nc3xd5 Qf6d8
15.c4 O-O
16.Rd1e1 f6
17.Qd3e4 Qd8a5
18.Nd5c3 Ra8b8
19.Qe4d5 Kh8
20.Ng1e2 Bc5b4
21.Qd5xa5 Bb4xa5
22.Kd2 Rf8d8
23.Re1c1 Nd4b3
24.Kc2 Nb3d4
25.Kd3 Nd4f5
26.Nc3d5 a6
27.f3 b5
28.Ke4 Nf5d6
29.Kd3 bxc4
30.Kc2 Rd8d7
31.Kb1 Ba5d2
32.Rc1c2 Bd2b4
33.Ne2g3 Rb8b5
34.Nd5xb4 Rb5xb4
35.a3 Rb4b3
36.Ng3h5 Nd6b5
37.Rc2xc4 Rd7d2
38.Rc4c8 Kh7
39.Kc1 Rd2xb2
40.Rh1h2 Rb2b1
41.Kc2 Nb5d4
42.Kd2 Rb3xa3
43.Rc8c7 Rb1b2
44.Kc1 Rb2f2
45.Rc7xg7 Kh8
46.Rg7b7 Ra3a1
47.Rb7b1 Nd4b3
{ abandon }0-1

[Event "Tournoi échelle champions"]
[Site "www.echecsemail.com"]
[Date "2026.01.09"]
[Round "1"]
[White "Ephixe"]
[Black "Alain64"]
[WhiteElo "1800"]
[BlackElo "2080"]
[Result "0-1"]
1.d4 Ng8f6
2.c4 e6
3.Nb1c3 Bf8b4
4.Bc1f4 c5
5.e3 Qd8a5
6.Qd1c2 Nb8c6
7.Ng1f3 cxd4
8.Nf3xd4 d5
9.Bf1d3 Nc6xd4
10.exd4 dxc4
11.Bd3xc4 b5
12.Bc4d3 Bc8b7
13.O-O O-O
14.Nc3xb5 Ra8c8
15.Qc2e2 a6
16.Nb5d6 Bb4xd6
17.Bf4xd6 Qa5d5
18.f3 Qd5xd4
19.Kh1 Qd4xd6
20.Rf1d1 Qd6b6
21.b3 Rf8d8
22.a4 Nf6d5
23.Qe2e4 g6
24.Qe4e1 Rd8d6
25.Bd3e4 Rc8d8
26.Rd1d3 Nd5b4
27.Rd3xd6 Rd8xd6
28.Ra1b1 Bb7xe4
29.Qe1xe4 Qb6d4
30.Qe4e1 a5
31.h3 h5
32.Kh2 h4
33.g4 Qd4d2
34.Qe1xd2 Rd6xd2
35.Kg1 Rd2d3
36.Kg2 g5
37.Kf2 Kg7
38.Ke2 Kf6
39.Kf2 Nb4d5
40.Ke2 Nd5f4
41.Kf2 Nf4xh3
42.Ke2 Nh3f4
43.Kf2 h3
44.Kg3 Rd3d2
45.Rb1g1 h2
46.Rg1h1 Rd2g2
0-1

[Event "Coupe Niveau 4"]
[Site "www.echecsemail.com"]
[Date "2026.01.09"]
[Round "1"]
[White "Elghribi"]
[Black "Carrighir"]
[WhiteElo "1940"]
[BlackElo "2100"]
[Result "0-1"]
1.e4 c5
2.Ng1f3 d6
3.d4 cxd4
4.Nf3xd4 Ng8f6
5.Nb1c3 g6
6.Bf1e2 Bf8g7
7.O-O O-O
8.Bc1e3 Nb8c6
9.f3 a6
10.Qd1d2 Bc8d7
11.Ra1c1 Ra8c8
12.Nc3d5 Nf6xd5
13.Nd4xc6 Bd7xc6
14.exd5 Bc6d7
15.c4 Bd7f5
16.g4 Bf5d7
17.Kg2 e6
18.Be3f4 e5
19.Bf4g3 f5
20.h3 f4
21.Bg3f2 Qd8g5
22.h4 Qg5h6
23.Be2d3 Bd7xg4
24.Qd2b4 Bg4xf3
25.Kxf3 Qh6h5
26.Kg2 f3
27.Kh3 Rf8f4
28.Qb4xd6 Qh5g4
{ abandon }0-1

[Event "Tournoi n27377"]
[Site "www.echecsemail.com"]
[Date "2026.01.09"]
[Round "1"]
[White "Tiounet"]
[Black "Ozon"]
[WhiteElo "1660"]
[BlackElo "1650"]
[Result "1-0"]
1.a3 e5
2.b4 d5
3.Bc1b2 Bf8d6
4.g3 Bc8f5
5.d3 Ng8f6
6.Bf1g2 a6
7.Ng1f3 Qd8e7
8.O-O Nb8c6
9.Nb1d2 O-O
10.c4 dxc4
11.Nd2xc4 b6
12.Nf3h4 Bf5e6
13.Bg2xc6 Ra8c8
14.Nc4xd6 Qe7xd6
15.Bc6b7 Rc8d8
16.Bb7xa6 Qd6d5
17.Nh4f3 Nf6d7
18.e4 Qd5a8
19.Ba6b5 Nd7f6
20.Nf3xe5 Rd8d6
21.Ra1c1 Qa8c8
22.Ne5c6 Rf8e8
23.Nc6a7 Qc8d8
24.Bb5xe8 Qd8xe8
25.Rc1xc7 Qe8d8
26.Rc7c1 Rd6xd3
27.Qd1c2 Nf6xe4
28.Na7c6 Qd8d6
29.b5 Rd3d5
30.Qc2xe4 Rd5xb5
31.Nc6d4 Rb5c5
32.Rc1d1 Qd6f8
33.Nd4xe6 fxe6
34.Qe4xe6 Kh8
35.Qe6xb6 Rc5c8
36.Rd1d2 { abandon }1-0

[Event "Tournoi n27378"]
[Site "www.echecsemail.com"]
[Date "2026.01.09"]
[Round "1"]
[White "Geantvert"]
[Black "Odemevol"]
[WhiteElo "1870"]
[BlackElo "1930"]
[Result "0-1"]
1.c4 c5
2.Nb1c3 Nb8c6
3.g3 Ng8f6
4.Bf1g2 e6
5.e3 Bf8e7
6.Ng1e2 O-O
7.O-O a6
8.d4 d5
9.cxd5 exd5
10.dxc5 Be7xc5
11.Nc3xd5 Bc8e6
12.Nd5xf6 Qd8xf6
13.Qd1c2 Bc5e7
14.Bg2xc6 bxc6
15.Qc2xc6 Rf8c8
16.Qc6g2 Be6c4
17.Rf1e1 Be7b4
18.Ne2c3 Bb4xc3
19.bxc3 Qf6xc3
{ abandon }0-1

[Event "Défi"]
[Site "www.echecsemail.com"]
[Date "2026.01.09"]
[Round "1"]
[White "Marcol"]
[Black "Mino"]
[WhiteElo "1020"]
[BlackElo "1310"]
[Result "0-1"]
1.e4 g6
2.Bf1b5 c6
3.Bb5c4 b5
4.Bc4d3 Nb8a6
5.a4 Qd8a5
6.Ke2 bxa4
7.b3 Na6c5
8.Bd3c4 Nc5xe4
9.f3 Ne4f2
10.Kxf2 Qa5c5
11.Kg3 Qc5g5
12.Kh3 d5
13.g4 dxc4
14.bxc4 e5
15.d4 Qg5f6
16.Nb1c3 Bf8e7
17.Ra1xa4 Qf6h4
18.Kg2 Bc8b7
19.f4 c5
20.Kf1 Bb7xh1
21.fxe5 Qh4xh2
22.Qd1d2 Qh2g3
23.Ng1e2 Qg3g2
24.Ke1 Be7h4
25.Kd1 Qg2f1
26.Qd2e1 Qf1xe1
0-1

[Event "HAWAII  2"]
[Site "www.echecsemail.com"]
[Date "2026.01.09"]
[Round "1"]
[White "Skalfa"]
[Black "Casisimed"]
[WhiteElo "1880"]
[BlackElo "1600"]
[Result "1-0"]
1.e4 e5
2.Ng1f3 Nb8c6
3.Nb1c3 Bf8b4
4.Bf1c4 d6
5.h3 Ng8f6
6.d3 O-O
7.O-O Nc6d4
8.Nf3xd4 exd4
9.Nc3e2 c5
10.a3 Bb4a5
11.Ne2f4 Bc8d7
12.Qd1f3 Qd8b6
13.Nf4h5 Nf6xh5
14.Qf3xh5 Bd7e6
15.Bc4xe6 fxe6
16.Qh5g4 d5
17.exd5 exd5
18.b3 Ba5c3
19.Ra1b1 c4
20.Bc1g5 h6
21.bxc4 Qb6g6
22.Bg5e7 Qg6xg4
23.hxg4 Rf8e8
24.Be7b4 Re8e2
25.Bb4xc3 dxc3
26.cxd5 b6
27.Rf1c1 Re2d2
28.Rb1b3 Ra8d8
29.Rb3xc3 Rd8xd5
30.g3 Rd5g5
31.Rc3c4 Rg5a5
32.a4 b5
33.axb5 Ra5xb5
34.d4 Rb5g5
35.f3 h5
36.Rc1f1 hxg4
37.Rf1f2 Rd2xf2
38.Kxf2 gxf3
39.Kxf3 a5
40.Rc4a4 Kf7
41.c4 Kf6
42.c5 Rg5f5
43.Ke4 g5
44.Ra4xa5 Rf5f1
45.c6 Ke6
46.Ra5xg5 Rf1e1
47.Kd3 Kd6
48.d5 Re1d1
49.Kc2 Rd1f1
50.g4 Rf1f2
51.Kc3 Rf2f3
52.Kb4 Rf3f4
53.Kb5 Rf4f7
54.Rg5f5 Rf7g7
55.g5 Kc7
56.Kc5 Rg7g6
57.Rf5f7 Kc8
58.Kb6 Rg6g8
59.g6 Kd8
60.g7 Ke8
61.Rf7b7 { abandon }1-0

[Event "Défi"]
[Site "www.echecsemail.com"]
[Date "2026.01.09"]
[Round "1"]
[White "Artistepeintre"]
[Black "Vvvv"]
[WhiteElo "1590"]
[BlackElo "1650"]
[Result "0-1"]
1.e4 e5
2.Ng1f3 Nb8c6
3.Bf1c4 Bf8c5
4.d3 h6
5.c3 Ng8f6
6.Qd1b3 O-O
7.Nf3h4 Nc6e7
8.Nh4f5 Ne7xf5
9.exf5 d5
10.Bc4b5 Bc8xf5
11.Nb1d2 c6
12.Bb5a4 Bf5xd3
13.Qb3xb7 Bc5xf2
14.Kxf2 Nf6g4
15.Kg1 Qd8f6
16.Ba4xc6 Qf6f2
0-1

[Event "Tournoi n27348"]
[Site "www.echecsemail.com"]
[Date "2026.01.09"]
[Round "1"]
[White "Legros"]
[Black "Tiounet"]
[WhiteElo "1740"]
[BlackElo "1650"]
[Result "1/2-1/2"]
1.e4 a6
2.Ng1f3 b5
3.d4 Bc8b7
4.Bf1d3 Ng8f6
5.d5 g6
6.O-O Bf8g7
7.Nb1c3 O-O
8.a3 d6
9.Bc1d2 c6
10.dxc6 Nb8xc6
11.Rf1e1 Ra8c8
12.b4 Nf6d7
13.Ra1b1 e6
14.Nc3e2 Nd7e5
15.Nf3xe5 Nc6xe5
16.Rb1c1 Ne5c4
17.Bd3xc4 Rc8xc4
18.f3 Qd8c7
19.c3 Rf8c8
20.Qd1b3 d5
21.exd5 Bb7xd5
22.Qb3b2 Bg7e5
23.Ne2d4 Be5xh2
24.Kf1 Qc7g3
25.Nd4e2 Qg3h4
26.Ne2g1 Qh4f6
27.Re1e3 Bh2f4
28.Re3d3 Bf4xd2
29.Qb2xd2 Rc4c6
30.Ng1e2 Bd5c4
31.Rd3d4 e5
32.Rd4d7 Bc4xe2
33.Kxe2 e4
34.fxe4 Rc6xc3
35.Rc1xc3 Rc8xc3
36.Rd7d3 Rc3xd3
37.Qd2xd3 Qf6b2
38.Kf3 Qb2f6
39.Ke2 Qf6b2
40.Kf3 Qb2f6
41.Ke2 Qf6e6
42.Kf3 Qe6c4
43.Qd3e3 Qc4f1
44.Qe3f2 Qf1d3
45.Qf2e3 Qd3f1
46.Qe3f2 Qf1d3
{ nul }1/2-1/2

[Event "Tournoi n27342"]
[Site "www.echecsemail.com"]
[Date "2026.01.09"]
[Round "1"]
[White "Aramis"]
[Black "4x4"]
[WhiteElo "1560"]
[BlackElo "1460"]
[Result "1/2-1/2"]
1.e4 e5
2.d3 d6
3.h3 Nb8c6
4.c3 Bc8e6
5.Ng1f3 Qd8d7
6.Bc1e3 O-O-O
7.Nf3g5 Bf8e7
8.Ng5xe6 fxe6
9.Bf1e2 Ng8f6
10.Nb1a3 g6
11.Qd1a4 b6
12.b4 Kb7
13.b5 Nc6a5
14.c4 c5
15.bxc6 Na5xc6
16.Na3c2 Qd7c7
17.d4 Nf6xe4
18.Qa4b3 Rh8f8
19.d5 exd5
20.cxd5 Nc6a5
21.Qb3d3 Ne4c5
22.Be3xc5 dxc5
23.O-O Rd8d6
24.Qd3e4 Rf8f4
25.Qe4d3 c4
26.Qd3c3 Rd6xd5
27.Nc2b4 Be7xb4
28.Qc3c1 Rd5d4
29.Ra1b1 c3
30.a3 Bb4c5
31.Qc1xc3 Rf4e4
32.Be2f3 Ka6
33.Bf3xe4 Rd4xe4
34.Qc3d3 Re4c4
35.Rb1c1 b5
36.Rc1xc4 Na5xc4
37.a4 Ka5
38.axb5 Kxb5
39.Qd3b3 Bc5b4
40.Rf1a1 a5
41.Qb3g3 Qc7c5
42.Kh1 a4
43.Qg3f3 Qc5d4
44.Ra1d1 Qd4c5
45.Rd1d5 a3
46.Rd5xc5 Bb4xc5
47.Qf3b3 Bc5b4
48.f3 Kc5
49.Qb3a4 Nc4b2
50.Qa4a7 Kc4
51.Qa7c7 Kb3
52.Qc7f7 Nb2c4
53.Qf7d7 a2
54.Qd7d3 Bb4c3
55.Qd3d1 Kb2
56.Qd1e2 Nc4d2
57.Qe2b5 Nd2b3
58.Qb5e2 Nb3d2
59.Qe2b5 Kc2
60.Qb5a4 Kb1
61.Qa4b5 Bc3b2
62.Qb5d3 Kc1
63.Qd3a6 a1R
64.Qa6c6 Kb1
65.Qc6d5 Kc2
66.Kh2 Bb2d4
67.Qd5c6 Kd3
68.Qc6d7 Nd2f1
69.Kh1 Nf1g3
70.Kh2 Ra1h1
71.Kxg3 h5
72.Qd7d6 g5
73.Qd6g6 Kc3
74.Qg6xh5 Bd4e3
75.Qh5e8 Be3f4
76.Kf2 Rh1d1
77.Qe8c6 Kd2
78.Qc6d5 Kc1
79.Qd5c4 Kb1
80.Qc4b3 Kc1
81.Qb3c3 Kb1
82.g3 Bf4d2
83.Qc3b3 Kc1
84.Qb3a3 Kc2
85.Qa3a4 Kc1
86.Qa4a1 Kc2
87.Qa1xe5 Bd2c3
88.Qe5e2 Rd1d2
89.Qe2xd2 Bc3xd2
90.Ke2 Kc3
91.h4 gxh4
92.gxh4 Bd2f4
93.h5 Kd4
94.Kf2 Ke5
95.Kg2 Kf5
96.Kh3 Bf4g5
97.Kg3 Bg5f4
98.Kh3 Kg5
99.h6 Kxh6
100.Kg4 Bf4g5
101.f4 Bg5xf4
1/2-1/2

[Event "Coupe Niveau 2"]
[Site "www.echecsemail.com"]
[Date "2026.01.09"]
[Round "1"]
[White "Patau"]
[Black "Woluwe1975"]
[WhiteElo "1700"]
[BlackElo "1640"]
[Result "1-0"]
1.e4 c6
2.Ng1f3 d5
3.exd5 Ng8f6
4.d4 g6
5.dxc6 Nb8xc6
6.Bf1b5 Bf8g7
7.h3 O-O
8.Bb5xc6 bxc6
9.O-O Nf6d5
10.Nb1c3 e6
11.Bc1g5 Nd5f6
12.Nf3e5 h6
13.Bg5xf6 Bg7xf6
14.Qd1g4 Kg7
15.Nc3e4 Bf6xe5
16.dxe5 Bc8a6
17.Rf1d1 Qd8a5
18.Qg4f4 Qa5d8
19.Rd1xd8 { abandon }1-0

[Event "Défi"]
[Site "www.echecsemail.com"]
[Date "2026.01.09"]
[Round "1"]
[White "Castor"]
[Black "Beru"]
[WhiteElo "1330"]
[BlackElo "1700"]
[Result "0-1"]
1.d4 Ng8f6
2.c4 e6
3.Nb1c3 Bf8b4
4.Bc1d2 c5
5.e3 O-O
6.a3 Bb4a5
7.Ng1f3 Ba5b6
8.Nc3b5 Nf6e4
9.Bf1d3 d5
10.O-O Nb8c6
11.Nf3e1 g6
12.b4 cxd4
13.Bd2c1 Ne4c3
14.Qd1f3 Nc6e5
15.Qf3g3 Ne5xd3
16.Nb5xc3 dxc3
17.Ne1xd3 f6
18.Nd3f4 g5
19.Rf1e1 dxc4
20.Nf4h5 Bb6c7
21.Qg3h3 e5
22.Qh3f3 g4
23.Qf3g3 f5
24.f4 Rf8e8
25.h3 exf4
26.Nh5xf4 Bc7e5
27.Qg3f2 b6
28.Qf2e2 Be5xf4
29.Qe2f2 Bf4e5
30.Ra1a2 gxh3
31.Qf2f3 h2
32.Kh1 Bc8e6
33.Ra2f2 Qd8d6
34.Re1d1 Qd6c7
35.e4 Be5g3
36.Rf2c2 Ra8d8
37.Bc1e3 Qc7e5
38.Rd1f1 Rd8d3
39.Qf3e2 Qe5xe4
40.Rc2c1 Rd3xe3
41.Qe2f3 Re3xf3
42.gxf3 Qe4e3
43.Kg2 f4
44.Rc1d1 Qe3e2
45.Kh1 c2
46.Rd1c1 Re8d8
47.Rc1xc2 Qe2xf1
0-1

[Event "Défi( 10J+24H/c 10J Max )"]
[Site "www.echecsemail.com"]
[Date "2026.01.09"]
[Round "1"]
[White "Julia"]
[Black "Roidechecs"]
[WhiteElo "1490"]
[BlackElo "1240"]
[Result "1-0"]
1.e4 e5
2.Ng1f3 Nb8c6
3.Nb1c3 Ng8f6
4.Bf1c4 d6
5.d3 Qd8e7
6.Bc1g5 h6
7.Bg5h4 Bc8e6
8.Bc4xe6 Qe7xe6
9.Nc3d5 Nf6xd5
10.O-O Nd5e7
11.Rf1e1 Nc6d4
12.Nf3xd4 exd4
13.Qd1h5 g6
14.Qh5b5 Kd8
15.Qb5xb7 Ra8c8
16.Qb7xa7 g5
17.Qa7xd4 Rh8h7
18.Bh4g3 Ne7c6
19.Qd4a4 Bf8e7
20.Qa4xc6 f5
21.e5 f4
22.Qc6f3 fxg3
23.Qf3xg3 dxe5
24.Re1xe5 Qe6f6
25.Ra1e1 c6
26.Qg3g4 Rh7f7
27.Qg4d4 Ke8
28.a4 Rc8d8
29.Qd4e3 Rd8d7
30.b4 Kf8
31.Re5e6 Qf6c3
32.Re1e2 Qc3xb4
33.Qe3e5 Qb4b1
34.Re2e1 Qb1b4
35.Re6xh6 Ke8
36.Rh6h8 Rf7f8
37.Rh8xf8 Kxf8
38.h3 Qb4xa4
39.Qe5f5 Ke8
40.Qf5g6 Kd8
41.Qg6g8 Kc7
42.Qg8e6 Qa4d4
43.Qe6a2 Be7c5
44.Qa2a5 Kd6
45.Re1e3 Rd7b7
46.Qa5e1 Rb7b4
47.Re3e6 Kd7
48.Re6e3 Qd4b2
49.Re3e2 g4
50.Kh1 gxh3
51.g3 Rb4g4
52.Kh2 Rg4g8
53.Kxh3 Qb2d4
54.Kg2 Qd4g4
55.Re2e4 Qg4f5
56.d4 Qf5d5
57.c3 Qd5g5
58.Re4e5 Qg5h6
59.Re5xc5 Rg8h8
60.Rc5e5 Qh6h2
61.Kf3 Rh8f8
62.Ke3 Kd6
63.Kd3 Rf8f3
64.Kc4 Qh2h6
65.Kb4 Qh6g7
66.Re5e6 Kd7
67.Re6e5 Rf3f7
68.Re5a5 Kd6
69.Ra5e5 Qg7f6
70.Qe1e2 Kc7
71.Kc4 Rf7d7
72.Qe2e3 Rd7d5
73.Re5xd5 cxd5
74.Kxd5 Qf6d6
75.Ke4 Kc6
76.Kd3 Qd6g6
77.Qe3e4 Qg6xe4
78.Kxe4 Kd6
79.Kf5 Kd5
80.g4 Kc4
81.g5 Kxc3
82.g6 Kxd4
83.g7 Kd3
84.g8Q Ke2
85.Qg8g2 Kd3
86.Qg2e4 Kc3
87.f4 Kb2
88.Qe4c4 Kb1
89.Ke4 Kb2
90.Kd3 Kb1
91.f5 Kb2
92.f6 Kb1
93.f7 Kb2
94.f8Q Ka1
95.Qf8a3 Kb1
96.Qc4c1 1-0

[Event "Défi( 10J+24H/c 10J Max )"]
[Site "www.echecsemail.com"]
[Date "2026.01.09"]
[Round "1"]
[White "Pascalou50"]
[Black "Cavalierfou"]
[WhiteElo "1790"]
[BlackElo "1820"]
[Result "1-0"]
1.e4 e5
2.Ng1f3 d6
3.d4 Qd8f6
4.dxe5 dxe5
5.Bf1e2 Bf8c5
6.O-O h6
7.Bc1d2 Ng8e7
8.Rf1e1 Nb8d7
9.b4 Bc5b6
10.a4 c6
11.Nb1c3 O-O
12.Be2c4 Nd7b8
13.Qd1e2 Bc8g4
14.a5 Bg4xf3
15.Qe2xf3 Qf6xf3
16.gxf3 Bb6d4
17.Ra1a3 Rf8d8
18.Bc4d3 Ne7g6
19.Nc3e2 Ng6h4
20.Ne2xd4 exd4
21.Bd3e2 Nb8d7
22.f4 Nd7f6
23.f3 b6
24.Re1a1 b5
25.Bd2e1 Nh4g6
26.f5 Ng6f4
27.Be2d3 a6
28.Be1h4 Nf4h5
29.e5 Rd8e8
30.exf6 gxf6
31.Bd3e4 Ra8c8
32.Ra1d1 Re8d8
33.Kg2 Rc8c7
34.Bh4g3 Rc7c8
35.Ra3d3 Kg7
36.Rd3xd4 Rd8e8
37.Rd4d7 Rc8a8
38.Rd7c7 Ra8d8
39.Rd1d7 Rd8xd7
40.Rc7xd7 Re8c8
41.Bg3d6 Rc8g8
42.Be4xc6 Kh8
43.Kf2 Nh5g7
44.Rd7xf7 Ng7xf5
45.Rf7xf6 Rg8g5
46.Bd6e5 Kg7
47.Rf6xf5 Kg6
48.Rf5xg5 hxg5
49.Bc6b7 Kf5
50.Be5g3 g4
51.fxg4 { abandon }1-0

[Event "Tournoi n27358"]
[Site "www.echecsemail.com"]
[Date "2026.01.09"]
[Round "1"]
[White "Buzz84"]
[Black "Jlr"]
[WhiteElo "1500"]
[BlackElo "1340"]
[Result "0-1"]
1.d4 d5
2.Bc1f4 Nb8c6
3.e3 Bc8f5
4.Ng1f3 e6
5.Bf1e2 Nc6b4
6.Be2b5 c6
7.Bb5d3 Qd8a5
8.c3 Ng8f6
9.Bd3xf5 exf5
10.O-O Nb4a6
11.b4 Na6xb4
12.cxb4 Bf8xb4
13.a3 Nf6e4
14.axb4 Qa5xa1
15.Nf3e5 f6
16.Ne5d3 Kf7
17.Nb1d2 Qa1c3
18.Nd3c5 Ne4xd2
19.Rf1e1 Qc3xb4
20.Nc5d3 Qb4c3
21.h3 g5
22.Bf4d6 Qc3xd3
23.Qd1h5 Ke6
24.Bd6c5 b6
25.Bc5b4 a5
26.Bb4xd2 Qd3xd2
27.Kf1 Kd6
28.Qh5f3 Ke6
29.g4 Qd2d3
30.Kg2 fxg4
31.Qf3xg4 f5
32.Qg4xg5 Ra8g8
{ abandon }0-1

[Event "Tournoi n27372"]
[Site "www.echecsemail.com"]
[Date "2026.01.09"]
[Round "1"]
[White "Albescab"]
[Black "Gognol"]
[WhiteElo "1650"]
[BlackElo "1900"]
[Result "0-1"]
1.d4 d5
2.e3 g6
3.Ng1f3 Bf8g7
4.Nb1c3 c6
5.Bf1d3 Nb8d7
6.O-O h6
7.Bc1d2 Ng8f6
8.Nc3a4 O-O
9.c4 dxc4
10.Bd3xc4 b5
11.Bc4d3 bxa4
12.Qd1xa4 Bc8b7
13.Qa4c2 c5
14.Nf3h4 Ra8c8
15.Qc2b3 Bb7d5
16.Bd3c4 Rc8b8
17.Qb3c3 Nf6e4
18.Qc3c2 Ne4xd2
19.Bc4xd5 Nd2xf1
20.Kxf1 e6
21.Bd5e4 Qd8xh4
22.b3 Qh4xh2
23.g3 Rf8c8
24.Ra1d1 cxd4
25.Qc2d2 dxe3
26.Qd2xe3 Nd7f6
27.Be4g2 Rc8c7
28.a3 Nf6d5
29.Bg2xd5 exd5
30.Qe3f3 Rb8d8
31.b4 Rc7c3
32.a4 Rc3xf3
33.b5 Qh2h1
34.Ke2 Rd8e8
{ abandon }0-1

[Event "SOUPE UNE BONNE SOUPE"]
[Site "www.echecsemail.com"]
[Date "2026.01.09"]
[Round "1"]
[White "Katastrofic"]
[Black "4x4"]
[WhiteElo "1460"]
[BlackElo "1500"]
[Result "0-1"]
1.d4 f5
2.e3 Ng8f6
3.Bf1c4 e6
4.Ng1f3 Nb8c6
5.a3 d5
6.Bc4b5 Bc8d7
7.Bb5xc6 bxc6
8.O-O h6
9.b3 g5
10.c4 g4
11.Nf3e5 Nf6e4
12.Ne5g6 Rh8g8
13.Ng6xf8 Rg8xf8
14.Bc1b2 Qd8f6
15.c5 Ke7
16.Nb1d2 Ne4xd2
17.Qd1xd2 Rf8b8
18.b4 Rb8h8
19.g3 h5
20.h3 gxh3
21.f3 Qf6g5
22.Kh2 h4
23.Rf1g1 Bd7e8
24.f4 Qg5g4
25.Qd2d1 hxg3
26.Kh1 g2
27.Kh2 Qg4xd1
28.Ra1xd1 Be8h5
29.Rd1d2 Bh5f3
30.a4 a5
31.b5 cxb5
32.axb5 Ra8b8
33.b6 cxb6
34.Bb2a3 b5
35.c6 b4
36.c7 Rb8c8
37.Ba3b2 Rc8xc7
38.Rg1c1 Rc7xc1
39.Bb2xc1 Rh8g8
{ abandon }0-1

[Event "Défi"]
[Site "www.echecsemail.com"]
[Date "2026.01.09"]
[Round "1"]
[White "Turbo"]
[Black "Katastrofic"]
[WhiteElo "1350"]
[BlackElo "1440"]
[Result "1-0"]
1.e4 e5
2.Ng1f3 d6
3.h3 Bf8e7
4.Bf1c4 Ng8f6
5.Nf3g5 O-O
6.a3 h6
7.Ng5f3 a6
8.b4 b5
9.Bc4d3 Bc8b7
10.O-O Nb8d7
11.Nb1c3 d5
12.exd5 Nf6xd5
13.Qd1e1 Nd5xc3
14.dxc3 Bb7xf3
15.gxf3 Be7g5
16.Qe1e4 Nd7f6
17.h4 Bg5xc1
18.Qe4e2 Bc1f4
19.Ra1d1 Qd8e7
20.Kg2 Nf6d5
21.Rf1h1 Nd5xc3
22.Qe2e1 Nc3xd1
23.Qe1xd1 Ra8d8
24.Qd1e2 f5
25.c4 bxc4
26.Bd3xc4 Kh8
27.Bc4xa6 Rd8d2
28.Qe2c4 Bf4e3
29.Rh1f1 Qe7xh4
30.Qc4xh4 Be3g5
31.Qh4c4 { abandon }1-0

[Event "Défi"]
[Site "www.echecsemail.com"]
[Date "2026.01.09"]
[Round "1"]
[White "Kerenor"]
[Black "Roidechecs"]
[WhiteElo "1590"]
[BlackElo "1240"]
[Result "1-0"]
1.d4 d5
2.Nb1c3 Ng8f6
3.h3 Nb8c6
4.Bc1f4 a6
5.e3 b5
6.a3 e6
7.Ng1f3 Nf6e4
8.Bf1d3 Qd8f6
9.Nc3xe4 dxe4
10.Bd3xe4 b4
11.Be4xc6 Bc8d7
12.Bc6xa8 Ke7
13.O-O bxa3
14.Bf4e5 Qf6h6
15.Be5f4 Qh6g6
16.Nf3e5 Qg6f6
17.Qd1d3 g5
18.Bf4g3 Bf8g7
19.Ne5g4 Qf6g6
20.Ba8e4 Qg6h5
21.Ng4e5 axb2
22.Qd3b3 f6
23.Qb3b4 Ke8
24.Be4f3 Qh5h6
25.Ne5xd7 Kxd7
26.Qb4xb2 f5
27.Qb2c3 f4
28.exf4 gxf4
29.Qc3c6 Kc8
30.Qc6xa6 Kd7
31.Qa6c6 Ke7
32.Qc6xc7 Kf6
33.Bg3xf4 Qh6g6
34.Bf4e5 Kg5
35.Be5xg7 Rh8g8
36.Qc7e5 Qg6f5
37.Qe5e3 Kg6
38.Bg7e5 Rg8c8
39.Bf3e4 Qf5xe4
40.Qe3xe4 Kf7
41.Ra1a7 Kf8
42.Qe4f4 Ke8
43.Qf4f7 Kd8
44.Qf7d7 1-0

[Event "VIC LA GARDIOLE"]
[Site "www.echecsemail.com"]
[Date "2026.01.09"]
[Round "1"]
[White "Mindthegap"]
[Black "Woluwe1975"]
[WhiteElo "1440"]
[BlackElo "1620"]
[Result "1-0"]
1.e4 e5
2.Ng1f3 Nb8c6
3.Nb1c3 Ng8f6
4.d4 exd4
5.Nf3xd4 Bf8c5
6.Nd4xc6 bxc6
7.Bf1c4 h6
8.O-O O-O
9.h3 d6
10.Bc1f4 a5
11.Bc4d3 Nf6d7
12.Rf1e1 Nd7e5
13.Bf4xe5 dxe5
14.Nc3a4 Bc5e7
15.c3 Bc8e6
16.c4 Qd8c8
17.Na4c3 Rf8d8
18.Qd1c2 Rd8d4
19.Nc3e2 Rd4d8
20.Ra1d1 c5
21.Ne2c3 c6
22.Nc3a4 Rd8d4
23.f4 f6
24.fxe5 fxe5
25.Na4c3 Qc8c7
26.Re1f1 Ra8f8
27.Rf1xf8 Be7xf8
28.Rd1f1 Bf8e7
29.Rf1f4 Be7g5
30.Rf4f1 Qc7d7
31.Nc3a4 Bg5e7
32.Na4b6 Qd7d8
33.Nb6d5 cxd5
34.exd5 Be6f7
35.Bd3h7 Kh8
36.Rf1xf7 Be7f6
37.Rf7a7 Qd8e8
38.Bh7g6 Qe8d8
39.d6 Rd4xd6
40.Qc2a4 Rd6d1
41.Kh2 e4
42.Qa4e8 Qd8xe8
43.Bg6xe8 Bf6e5
44.g3 Rd1d2
45.Kh1 Be5xg3
46.Ra7a8 Rd2d6
47.Be8g6 { abandon }1-0

[Event "Défi( 10J+24H/c 10J Max )"]
[Site "www.echecsemail.com"]
[Date "2026.01.10"]
[Round "1"]
[White "Minon"]
[Black "Poison"]
[WhiteElo "1930"]
[BlackElo "1110"]
[Result "1-0"]
1.e4 e5
2.Ng1f3 Ng8f6
3.Nb1c3 Bf8b4
4.Nf3xe5 d6
5.Ne5f3 Bb4xc3
6.dxc3 Nf6xe4
7.Qd1e2 Qd8e7
8.Nf3d2 O-O
9.Qe2xe4 Qe7xe4
10.Nd2xe4 Rf8e8
11.Bf1e2 Re8xe4
12.f3 Re4e7
13.Kf2 Nb8d7
14.Bc1e3 Nd7e5
15.Rh1d1 d5
16.Rd1xd5 Ne5c6
17.Be2b5 Bc8d7
18.Be3c5 Re7e6
19.Rd5xd7 a6
20.Bb5xc6 bxc6
21.Rd7xc7 Ra8b8
22.g4 Rb8xb2
23.Rc7c8 Re6e8
24.Rc8xe8 1-0

[Event "Défi"]
[Site "www.echecsemail.com"]
[Date "2026.01.10"]
[Round "1"]
[White "Jipepe"]
[Black "Jlouism"]
[WhiteElo "1550"]
[BlackElo "1540"]
[Result "0-1"]
1.e4 c5
2.Bf1c4 Nb8c6
3.c3 Ng8f6
4.d3 Nc6e5
5.Bc4b5 a6
6.Bb5a4 b5
7.Ba4c2 d5
8.Ng1f3 Bc8g4
9.Bc1f4 Bg4xf3
10.gxf3 Ne5g6
11.Bf4g3 e5
12.Nb1d2 Nf6h5
13.f4 Nh5xf4
14.Bg3xf4 Ng6xf4
15.Qd1g4 c4
16.d4 h5
17.Qg4f3 h4
18.dxe5 Qd8g5
19.O-O-O Qg5xe5
20.Rh1e1 Nf4d3
21.Bc2xd3 cxd3
22.Qf3xd3 d4
23.Nd2f3 Qe5f4
24.Kc2 Ra8c8
25.Nf3xd4 Qf4xf2
26.Nd4e2 Qf2b6
 { temps }0-1

[Event "Eq:Les Gens du Sud-Avalon :"]
[Site "www.echecsemail.com"]
[Date "2026.01.10"]
[Round "1"]
[White "Neddy"]
[Black "39wx"]
[WhiteElo "1450"]
[BlackElo "1590"]
[Result "0-1"]
1.e4 e5
2.Ng1f3 Nb8c6
3.Nb1c3 d6
4.d4 Bc8g4
5.d5 Nc6e7
6.h3 Bg4d7
7.Bc1d2 Ng8f6
8.Bf1c4 Ne7g6
9.O-O Bf8e7
10.Bd2g5 O-O
11.a4 h6
12.Bg5h4 Ng6xh4
13.Nf3xh4 Nf6xe4
14.Nc3xe4 Be7xh4
15.b3 Bh4e7
16.Bc4d3 a6
17.c4 f5
18.Ne4g3 g6
19.Ng3e2 Be7f6
20.Ne2g3 Qd8e7
21.Ng3e2 e4
22.Bd3c2 Bf6xa1
23.Qd1xa1 Qe7f6
24.Qa1d1 Ra8e8
25.Ne2g3 Qf6h4
26.Ng3e2 Kh7
27.Ne2d4 f4
28.a5 Qh4g5
29.b4 Bd7xh3
30.g3 Bh3xf1
31.Qd1xf1 fxg3
32.Qf1g2 Rf8xf2
33.Nd4e6 Rf2xg2
34.Kxg2 Qg5d2
{ abandon }0-1

[Event "Défi( 10J+24H/c 10J Max )"]
[Site "www.echecsemail.com"]
[Date "2026.01.10"]
[Round "1"]
[White "Poison"]
[Black "Minon"]
[WhiteElo "1110"]
[BlackElo "1930"]
[Result "0-1"]
1.e4 Nb8c6
2.Ng1f3 e5
3.Bf1b5 Ng8e7
4.Bb5xc6 Ne7xc6
5.d3 d6
6.Nb1c3 Bc8g4
7.Qd1e2 Nc6d4
8.Qe2e3 Nd4xc2
9.Kd2 Nc2xe3
10.Kxe3 Bg4xf3
11.gxf3 Bf8e7
12.Kd2 Be7g5
13.Kc2 Bg5xc1
14.Ra1xc1 c6
15.Kb1 O-O
16.Nc3d5 cxd5
17.exd5 Ra8c8
18.Rc1d1 Qd8c7
19.Rh1g1 Qc7c2
20.Ka1 Qc2xf2
21.Rg1g4 Rc8c2
22.Kb1 Rc2xb2
23.Ka1 Rb2xa2
24.Kb1 Qf2b2
0-1

[Event "Eq:Les Gens du Sud-Les enfants de l Atlantide :"]
[Site "www.echecsemail.com"]
[Date "2026.01.10"]
[Round "1"]
[White "Rachess"]
[Black "Harvir"]
[WhiteElo "1540"]
[BlackElo "1990"]
[Result "0-1"]
1.e3 e5
2.Nb1c3 d5
3.b3 f5
4.Bc1b2 Ng8f6
5.Ng1f3 e4
6.Nf3d4 Bf8d6
7.Nc3b5 O-O
8.Nb5xd6 cxd6
9.c4 dxc4
10.Bf1xc4 d5
11.Bc4e2 Nb8c6
12.O-O Nc6xd4
13.Bb2xd4 Bc8e6
14.f3 b6
15.Ra1c1 Qd8e7
 { temps }0-1